[Event "TOP 12 Feminin GpB 2017"]
[Site "Mulhouse FRA"]
[Date "2017.05.06"]
[Round "2.3"]
[White "Safranska,A"]
[Black "Sidibe,M"]
[Result "1-0"]
[WhiteElo "2211"]
[BlackElo "1881"]

1.Nf3 c5 2.g3 Nc6 3.Bg2 Nf6 4.c3 d6 5.d3 e5 6.e4 Be7 7.O-O O-O 8.Re1 Qc7 9.Na3
Ne8 10.Ng5 h6 11.Nh3 f5 12.f4 fxe4 13.dxe4 Nf6 14.f5 a6 15.Nc2 Nd8 16.Ne3 Nf7
17.Nf2 Ng5 18.h4 Ngh7 19.Kh2 Bd7 20.Rh1 Be8 21.g4 g6 22.Kg1 Kg7 23.fxg6 Bxg6
24.Nf5+ Bxf5 25.exf5 Ng8 26.c4 Rab8 27.Ne4 Qd8 28.Be3 b5 29.cxb5 axb5 30.Qf3
Ngf6 31.Ng3 e4 32.Qf4 Ng8 33.Nxe4 Bxh4 34.Rd1 Bg5 35.Nxg5 Qxg5 36.Qg3 Qf6
37.Rxd6 Qxb2 38.Rd2 Qb4 39.Qc7+ Kh8 40.Bxh6 Qb1+ 41.Bf1 {#r} 1-0

[Event "TOP 12 Feminin GpB 2017"]
[Site "Mulhouse FRA"]
[Date "2017.05.06"]
[Round "2.3"]
[White "Rossinot,H"]
[Black "Huisman,Ch"]
[Result "0-1"]
[WhiteElo "1649"]
[BlackElo "1927"]

1.d4 Nf6 2.Nf3 g6 3.c4 Bg7 4.Nc3 O-O 5.e4 d6 6.Be2 e5 7.Bg5 Nbd7 8.O-O h6
9.Bh4 c6 10.d5 c5 11.a3 Qb6 12.Qc2 Nh7 13.Rfb1 f5 14.b4 g5 15.exf5 gxh4
16.bxc5 Qxc5 17.Ne4 Qc7 18.Nxh4 Nc5 19.Ng6 Bxf5 20.Nxf8 Bxe4 21.Ne6 Bxc2
22.Nxc7 Rc8 23.Rc1 Bd3 24.Bxd3 Nxd3 25.Rd1 e4 {#R} 0-1

[Event "TCh-POL Ekstraliga 2017"]
[Site "Gorzow Wielkopolski POL"]
[Date "2017.05.06"]
[Round "2.2"]
[White "Polok,K"]
[Black "Kempinski,R"]
[Result "0-1"]
[WhiteElo "2280"]
[BlackElo "2586"]

1.e4 d6 2.d4 Nf6 3.Nc3 g6 4.Bg5 Bg7 5.Qd2 h6 6.Bf4 a6 7.f3 b5 8.O-O-O Nbd7
9.e5 Nh5 10.e6 fxe6 11.Bd3 Nf8 12.Nge2 c6 13.g4 Nxf4 14.Nxf4 Kd7 15.Nxg6 Nxg6
16.Bxg6 Rf8 17.h4 Rxf3 18.Rhf1 Qf8 19.Qg2 Qf4+ 20.Kb1 Rxf1 21.Rxf1 Qxd4
22.Be8+ Kd8 23.Bxc6 Rb8 24.g5 hxg5 25.Qxg5 Bf6 26.Qg2 b4 27.Na4 Kc7 28.Rc1 d5
29.Be8 Bb7 30.Bg6 Bc6 31.c3 Qe3 32.Qc2 Bxa4 33.Qxa4 bxc3 34.b3 Rb6 35.Qa5 Qf2
36.Bc2 Qxh4 37.Qc5+ Kb7 38.Rd1 Qb4 39.Qxb4 Rxb4 40.Re1 e5 {#R} 0-1

[Event "TCh-POL Ekstraliga 2017"]
[Site "Gorzow Wielkopolski POL"]
[Date "2017.05.06"]
[Round "2.3"]
[White "Kriebel,T"]
[Black "Wieczorek,Z"]
[Result "1-0"]
[WhiteElo "2473"]
[BlackElo "2308"]

1.c4 Nf6 2.g3 e6 3.Bg2 d5 4.Nf3 Be7 5.O-O O-O 6.b3 c5 7.e3 Nc6 8.Bb2 dxc4
9.bxc4 Nd7 10.d4 Bf6 11.Nbd2 cxd4 12.exd4 Nb6 13.c5 Nd5 14.Ne4 Be7 15.Re1 b5
16.Ne5 Bb7 17.a4 b4 18.Nc4 Na5 19.Ncd6 Bc6 20.f4 Qd7 21.f5 exf5 22.Bh3 Bxd6
23.Nxd6 g6 24.Qd3 Nb7 25.Nxf5 gxf5 26.Bxf5 Qd8 27.Bxh7+ Kh8 28.Re5 Rg8 29.Bxg8
Kxg8 30.Rf1 Ne7 31.Rg5+ Kf8 32.Qh7 {#r} 1-0

[Event "TCh-POL Ekstraliga 2017"]
[Site "Gorzow Wielkopolski POL"]
[Date "2017.05.06"]
[Round "2.4"]
[White "Jaworski,Mi"]
[Black "Sieciechowicz,M"]
[Result "0-1"]
[WhiteElo "2236"]
[BlackElo "2409"]

1.e4 c5 2.Nf3 d6 3.d4 cxd4 4.Nxd4 Nf6 5.Nc3 a6 6.g3 e6 7.Bg2 Be7 8.O-O Bd7
9.a4 Nc6 10.Nb3 O-O 11.a5 b6 12.axb6 Qxb6 13.Be3 Qc7 14.f4 Nb4 15.Nd4 Rfd8
16.Qe2 Rac8 17.h3 e5 18.Nf5 Bxf5 19.exf5 d5 20.fxe5 Qxe5 21.Rad1 Nxc2 22.Bf4
Qxe2 23.Nxe2 Bc5+ 24.Kh2 Ne3 25.Bxe3 Bxe3 26.Rd3 Re8 27.Rf3 Bb6 28.Nf4 Rc2
29.b3 Re1 30.h4 h5 31.Kh3 Rg1 32.Rc3 Rcxg2 {#R} 0-1

[Event "TCh-POL Ekstraliga 2017"]
[Site "Gorzow Wielkopolski POL"]
[Date "2017.05.06"]
[Round "2.1"]
[White "Tomczak,J"]
[Black "Bartel,Mat"]
[Result "0-1"]
[WhiteElo "2615"]
[BlackElo "2637"]

1.e4 c6 2.d4 d5 3.Nc3 dxe4 4.Nxe4 Bf5 5.Ng3 Bg6 6.h4 h6 7.Nf3 e6 8.h5 Bh7
9.Bd3 Bxd3 10.Qxd3 Nf6 11.Ne5 Nbd7 12.f4 Bb4+ 13.c3 Be7 14.Be3 Nd5 15.O-O O-O
16.Rf3 f5 17.Ng6 Re8 18.c4 N5f6 19.Rd1 Nf8 20.Ne5 Qc7 21.Qb3 Rad8 22.d5 Ng4
23.Nxg4 fxg4 24.Rff1 Bh4 25.d6 Rxd6 26.Rxd6 Qxd6 27.Ne4 Qe7 28.Bxa7 Ra8 29.Bd4
Rd8 30.Be5 Nd7 31.Bc7 Ra8 32.Qxb7 Rxa2 33.Qc8+ Kh7 34.Bd6 Qf7 35.Ba3 Bf6
36.Nxf6+ Nxf6 37.Qxc6 Qxh5 38.Qd6 Qf5 39.g3 Qe4 40.Qd2 Qxc4 41.Qe3 Nd5 42.Qc1
Qb3 43.Qe1 Ne3 44.Rf2 Nf5 45.Rg2 Qd3 46.Kh1 Ne3 47.Rd2 Qxd2 {#R} 0-1

[Event "TCh-POL Ekstraliga 2017"]
[Site "Gorzow Wielkopolski POL"]
[Date "2017.05.06"]
[Round "2.3"]
[White "Czarnota,P"]
[Black "Sadzikowski,D"]
[Result "0-1"]
[WhiteElo "2561"]
[BlackElo "2548"]

1.e4 e5 2.Nf3 Nc6 3.Bc4 Bc5 4.d3 Nf6 5.c3 O-O 6.Bg5 h6 7.Bh4 Be7 8.O-O d6
9.Bb3 Nh5 10.Bxe7 Qxe7 11.Nbd2 Nf4 12.Nc4 Bg4 13.Ne3 Bh5 14.Kh1 Qd7 15.Rg1 Nd8
16.g4 Bg6 17.Rg3 Nde6 18.Qd2 a5 19.Nf5 a4 20.Bc2 c5 21.Rag1 Rfe8 22.a3 Ra6
23.Bb1 Qb5 24.h4 Bh7 25.Ne3 Rb6 26.Nc4 Bxe4 27.Nxb6 Bxf3+ 28.Rxf3 Qxb6 29.Kh2
Qd8 30.Kg3 h5 31.d4 cxd4 32.Bf5 hxg4 33.Bxg4 d3 34.Re3 Nc5 35.f3 Qf6 36.Rh1
Qh6 37.Kf2 Rf8 38.Bf5 Qf6 39.Bxd3 Nfxd3+ {#R} 0-1

[Event "TCh-POL Ekstraliga 2017"]
[Site "Gorzow Wielkopolski POL"]
[Date "2017.05.06"]
[Round "2.5"]
[White "Szelag,M"]
[Black "Wieczorek,O"]
[Result "0-1"]
[WhiteElo "2466"]
[BlackElo "2458"]

1.e4 c5 2.Nf3 d6 3.d4 cxd4 4.Nxd4 Nf6 5.Nc3 Nc6 6.Bg5 e6 7.Qd2 a6 8.O-O-O Bd7
9.f4 b5 10.Bxf6 gxf6 11.Nxc6 Bxc6 12.Qe1 b4 13.Nd5 a5 14.f5 Kd7 15.Nf4 Bh6
16.fxe6+ fxe6 17.Qh4 Bg5 18.Qg4 f5 19.exf5 h5 20.fxe6+ Kc8 21.Qf5 Rf8 22.Qh7
Bxf4+ 23.Kb1 Rh8 24.Qf5 Qg5 25.Qd3 Be5 26.Be2 Qxg2 27.Rhf1 Qe4 28.Rf7 Qxd3
29.cxd3 Bd5 30.Bf3 Bxe6 31.Re7 Bg4 32.Bxg4+ hxg4 33.Rc1+ Kb8 34.Rcc7 Ra6
35.Rh7 Rxh7 36.Rxh7 Ra7 37.Rh5 Rf7 38.Rg5 Rf2 39.d4 Bxd4 40.Rxg4 Rxb2+ 41.Kc1
Be5 {#R} 0-1

[Event "TCh-POL Ekstraliga 2017"]
[Site "Gorzow Wielkopolski POL"]
[Date "2017.05.06"]
[Round "2.6"]
[White "Zawadzka,J"]
[Black "Warakomska,A"]
[Result "1-0"]
[WhiteElo "2419"]
[BlackElo "2273"]

1.e4 e5 2.Nf3 Nc6 3.Bb5 a6 4.Ba4 Nf6 5.O-O Be7 6.Re1 b5 7.Bb3 d6 8.c3 O-O 9.d4
Bg4 10.d5 Na5 11.Bc2 c6 12.h3 Bc8 13.dxc6 Qc7 14.Nbd2 Qxc6 15.Nf1 Nc4 16.Ng3
Re8 17.a4 g6 18.axb5 axb5 19.Rxa8 Qxa8 20.Bd3 Qc6 21.Qe2 Bd7 22.b3 Nb6 23.Be3
Ra8 24.Bxb5 Qxb5 25.Qxb5 Bxb5 26.Bxb6 Ra2 27.Be3 Nd7 28.Nd2 Nc5 29.c4 Bc6
30.b4 Ne6 31.Rb1 Nd4 32.Bxd4 exd4 33.Nb3 d3 34.b5 Bb7 35.Rd1 Ra4 36.Rxd3 Rxc4
37.Na5 Rc1+ 38.Kh2 Ba8 39.b6 Rb1 40.Rc3 Bxe4 41.Nxe4 Rxb6 42.Rc7 Bf8 43.Nc4
Ra6 44.Rd7 {#r} 1-0

[Event "TCh-POL Ekstraliga 2017"]
[Site "Gorzow Wielkopolski POL"]
[Date "2017.05.06"]
[Round "2.5"]
[White "Ciesla,A"]
[Black "Druska,J"]
[Result "0-1"]
[WhiteElo "2278"]
[BlackElo "2430"]

1.e4 c5 2.Nf3 Nc6 3.Nc3 g6 4.d4 cxd4 5.Nxd4 Bg7 6.Be3 Nf6 7.Bc4 O-O 8.Bb3 Re8
9.f3 e6 10.O-O d5 11.exd5 Nxd5 12.Nxd5 exd5 13.Bf2 Qg5 14.Kh1 Bd7 15.c3 Nxd4
16.Bxd4 Bxd4 17.cxd4 Bb5 18.Rf2 Re3 19.f4 Qh4 20.Kg1 Bc6 21.f5 Rae8 22.Qd2
R8e7 23.Raf1 Bb5 24.Rc1 Re2 25.g3 Rxd2 26.gxh4 Rxd4 27.h5 gxh5 28.Rg2+ Kf8
29.Rg5 f6 30.Rxh5 Rg4+ 31.Kf2 Bc6 32.Rd1 d4 33.Rh6 Kg7 34.Rh3 Rf4+ 35.Kg3 Ree4
36.Rh5 Rg4+ 37.Kh3 Be8 38.Bd5 Bxh5 39.Bxe4 Rxe4 40.Kg3 Bxd1 {#R} 0-1

[Event "TCh-POL Ekstraliga 2017"]
[Site "Gorzow Wielkopolski POL"]
[Date "2017.05.06"]
[Round "2.3"]
[White "Gajewski,G"]
[Black "Heberla,B"]
[Result "1-0"]
[WhiteElo "2634"]
[BlackElo "2580"]

1.Nf3 Nf6 2.g3 g6 3.c4 Bg7 4.Bg2 O-O 5.O-O d6 6.d4 Nc6 7.Nc3 a6 8.Bg5 Rb8
9.Qc1 b5 10.c5 dxc5 11.dxc5 b4 12.Na4 e5 13.Bh6 e4 14.Bxg7 Kxg7 15.Ng5 Nd4
16.Qc4 Bg4 17.Rfe1 Bxe2 18.Rxe2 Qd5 19.Qxd5 Nxe2+ 20.Kf1 Nxd5 21.Kxe2 Rfe8
22.Rd1 Rbd8 23.c6 h6 24.Nxe4 f5 25.Nc5 fxe4 26.Nb7 Nc3+ 27.bxc3 Rxd1 28.Kxd1
bxc3 29.Nc5 e3 30.fxe3 Rxe3 31.Bf1 a5 32.Na6 Re7 33.Bh3 Kf6 34.Bd7 c2+ 35.Kxc2
Re2+ 36.Kd3 Rxa2 37.Nxc7 Ke7 38.Nb5 Rb2 39.Bh3 Rb3+ 40.Kc4 {#r} 1-0

[Event "TCh-POL Ekstraliga 2017"]
[Site "Gorzow Wielkopolski POL"]
[Date "2017.05.06"]
[Round "2.5"]
[White "Socko,B"]
[Black "Klim,K"]
[Result "1-0"]
[WhiteElo "2583"]
[BlackElo "2364"]

1.d4 Nf6 2.c4 e6 3.Nf3 d5 4.Nc3 Bb4 5.cxd5 exd5 6.Bf4 O-O 7.e3 Be6 8.Bd3 Nbd7
9.O-O a6 10.Qb3 Bxc3 11.Qxc3 c6 12.Qb3 Qb6 13.Qxb6 Nxb6 14.a4 Ne4 15.Rfc1 f6
16.h3 Rf7 17.Kf1 Rd7 18.Ke2 Nd6 19.g4 g5 20.Bxd6 Rxd6 21.Nd2 Rf8 22.Nb3 Bc8
23.Na5 f5 24.gxf5 Bxf5 25.Bxf5 Rxf5 26.Nxb7 Rdf6 27.Rf1 Rf3 28.Nc5 Rxh3
29.Nxa6 Rh2 30.Nc5 g4 31.Nd3 h5 32.a5 Nc8 33.Rh1 Rxh1 34.Rxh1 Rh6 35.Rh4 Rh7
36.a6 Nd6 37.Rxh5 Rxh5 38.a7 g3 39.a8=Q+ {#r} 1-0

[Event "TCh-POL Ekstraliga 2017"]
[Site "Gorzow Wielkopolski POL"]
[Date "2017.05.06"]
[Round "2.6"]
[White "Wisniowska,K"]
[Black "Socko,M"]
[Result "0-1"]
[WhiteElo "2157"]
[BlackElo "2481"]

1.e4 c6 2.d4 d5 3.Nc3 dxe4 4.Nxe4 Bf5 5.Ng3 Bg6 6.Nf3 e6 7.Bd3 Nf6 8.O-O Nbd7
9.b3 Qa5 10.Bb2 Ba3 11.Bxa3 Qxa3 12.Ne5 Rd8 13.Nc4 Qe7 14.Re1 O-O 15.Bxg6 hxg6
16.Qf3 Nb6 17.Rad1 Nxc4 18.bxc4 Qb4 19.Qb3 Qa5 20.c3 Rd7 21.Re5 Qc7 22.h3 b6
23.c5 Rb8 24.Rb1 Rdd8 25.Qc2 Nd5 26.cxb6 axb6 27.c4 Nf6 28.Qc3 Qd6 29.Ne2 Ra8
30.Qb4 c5 31.Qb3 cxd4 32.Rb5 Nd7 33.Qb2 d3 34.Nc3 Qd4 35.Rd1 Ne5 36.Rb4 d2
37.c5 Qxc5 38.Ne4 Qe7 39.Qb3 Rac8 40.Rxd2 Rc1+ 41.Kh2 Rxd2 42.Nxd2 Qd6 43.f4
Nc6 44.Ra4 Qxd2 45.Ra8+ Kh7 46.Qg3 Qe1 {#R} 0-1

[Event "TCh-POL Ekstraliga 2017"]
[Site "Gorzow Wielkopolski POL"]
[Date "2017.05.06"]
[Round "2.6"]
[White "Kubicka,Anna"]
[Black "Szczepkowska Horowska,K"]
[Result "0-1"]
[WhiteElo "2190"]
[BlackElo "2408"]

1.e4 e5 2.Nf3 Nc6 3.Bc4 Bc5 4.d3 Nf6 5.O-O O-O 6.Re1 d6 7.c3 a6 8.a4 Ba7
9.Nbd2 h6 10.h3 Re8 11.b4 Be6 12.Bxe6 Rxe6 13.b5 axb5 14.axb5 Ne7 15.Nb3 Ng6
16.Qc2 Nh5 17.Be3 Ngf4 18.Rxa7 Rxa7 19.Bxa7 Rg6 20.Ra1 Rxg2+ 21.Kf1 Qd7 22.Ke1
Qxh3 23.Qd1 b6 24.c4 Qh1+ 25.Kd2 Rxf2+ 26.Kc3 Qxf3 27.Bb8 Ne2+ 28.Kb4 Nhf4
29.Bxc7 Nxd3+ 30.Ka3 Qxe4 31.Bxb6 Qxc4 {#R} 0-1

[Event "Dutch League 2016-17"]
[Site "Netherlands NED"]
[Date "2017.05.06"]
[Round "9.3"]
[White "Ducarmon,Q"]
[Black "Paulet,I"]
[Result "1-0"]
[WhiteElo "2467"]
[BlackElo "2250"]
[EventType "team-tourn"]

1.e4 e6 2.d4 d5 3.Nd2 a6 4.Ngf3 Nf6 5.e5 Nfd7 6.Bd3 c5 7.c3 Nc6 8.O-O g5 9.Nb3
h6 10.Nxc5 Nxc5 11.dxc5 Bxc5 12.Qe2 Qc7 13.h3 Bd7 14.Re1 Be7 15.b4 Na7 16.a4
Qxc3 17.Bd2 Qc7 18.b5 a5 19.Nd4 Qd8 20.Qh5 Bc5 21.Nf5 Qb6 22.Be3 d4 23.Bxg5
exf5 24.e6 Bxe6 25.Bxf5 hxg5 26.Qxh8+ Kd7 27.Bxe6+ fxe6 28.Qxa8 Nc8 29.Rac1
Nd6 30.Qg8 Nf5 31.Rxc5 {#r} 1-0

[Event "Dutch League 2016-17"]
[Site "Netherlands NED"]
[Date "2017.05.06"]
[Round "9.4"]
[White "Brandenburg,D"]
[Black "Bitalzadeh,A"]
[Result "1-0"]
[WhiteElo "2506"]
[BlackElo "2397"]
[EventType "team-tourn"]

1.Nf3 g6 2.g3 Bg7 3.Bg2 Nf6 4.O-O O-O 5.d4 d6 6.a4 Na6 7.Re1 c5 8.e4 cxd4
9.Nxd4 Bg4 10.Qd2 Qd7 11.Nc3 Bh3 12.Bh1 Rfc8 13.b3 Rc5 14.Nd5 Ne8 15.Bb2 e6
16.Ne3 Rac8 17.Rad1 Nb8 18.Ba3 Rh5 19.Ne2 Bh6 20.Bf3 Rg5 21.Nf4 e5 22.Nxh3
Qxh3 23.Bg2 Qe6 24.h4 Rh5 25.Bf3 Bxe3 26.Qxe3 Rxc2 27.Bxh5 gxh5 28.Qg5+ Kh8
29.Bxd6 Nc6 30.Qf5 Kg7 31.Rd5 Qxf5 32.exf5 Nxd6 33.Rxd6 Nd4 34.f6+ Kg6 35.Kg2
Nf5 36.Rd5 Kxf6 37.Rexe5 Nh6 38.Rxh5 Ng4 39.Rdf5+ Ke6 40.Rf3 h6 41.Rb5 b6
42.a5 Rc6 43.axb6 axb6 44.Kh3 Nf6 45.Rbf5 Ke7 46.g4 {#r} 1-0

[Event "Dutch League 2016-17"]
[Site "Netherlands NED"]
[Date "2017.05.06"]
[Round "9.5"]
[White "Spoelman,W"]
[Black "Slagter,D"]
[Result "1-0"]
[WhiteElo "2578"]
[BlackElo "2184"]
[EventType "team-tourn"]

1.c4 Nf6 2.Nc3 g6 3.g3 Bg7 4.Bg2 O-O 5.d3 c6 6.e4 d6 7.Nge2 Na6 8.O-O Nc7 9.d4
e5 10.h3 Qe7 11.Be3 Rd8 12.Qd2 exd4 13.Nxd4 Nd7 14.b3 Ne6 15.Nde2 a5 16.Rad1
Ndc5 17.f4 Rd7 18.Qe1 Nf8 19.Qf2 Rb8 20.g4 h6 21.e5 Na6 22.exd6 Rxd6 23.Rxd6
Qxd6 24.Ne4 Qe7 25.f5 Nh7 26.Bd4 Bxd4 27.Qxd4 g5 28.N2g3 Nc7 29.Nh5 Ne8 30.Re1
Qf8 31.Qa7 {#r} 1-0

[Event "Dutch League 2016-17"]
[Site "Netherlands NED"]
[Date "2017.05.06"]
[Round "9.7"]
[White "Admiraal,M"]
[Black "Pel,B"]
[Result "1-0"]
[WhiteElo "2444"]
[BlackElo "2287"]
[EventType "team-tourn"]

1.e4 d6 2.d4 g6 3.f4 Bg7 4.Nc3 a6 5.Nf3 b5 6.Bd3 Nd7 7.Be3 Bb7 8.e5 c5 9.Be4
Bxe4 10.Nxe4 Nh6 11.dxc5 Ng4 12.Qe2 Nxe3 13.Qxe3 dxe5 14.O-O-O exf4 15.Nd6+
Kf8 16.Qxf4 exd6 17.Qxd6+ Qe7 18.Qxd7 Qxc5 19.Rhf1 Bh6+ 20.Kb1 Ra7 21.Ne5 Kg8
22.Qd8+ Bf8 23.Nd7 Qe7 24.Qc8 f5 25.Rfe1 Qf7 26.Nxf8 Rc7 27.Qd8 {#r} 1-0

[Event "Dutch League 2016-17"]
[Site "Netherlands NED"]
[Date "2017.05.06"]
[Round "9.8"]
[White "Schippers,Maurice"]
[Black "Kerkvliet,M"]
[Result "1-0"]
[WhiteElo "2234"]
[BlackElo "2202"]
[EventType "team-tourn"]

1.e4 d5 2.exd5 Qxd5 3.Nc3 Qd6 4.d4 Nf6 5.Nf3 c6 6.Ne5 Nbd7 7.Bf4 Nd5 8.Nxd5
Qxd5 9.Nf3 Nb6 10.Be2 Bg4 11.O-O e6 12.h3 Bh5 13.b3 Be7 14.c4 Qd8 15.Qd2 O-O
16.Rad1 f6 17.Ne1 Bf7 18.Nc2 Qd7 19.Rfe1 Rfe8 20.Bg4 h5 21.Bf3 Rad8 22.Qa5 g5
23.Bh2 Nc8 24.a4 Bd6 25.Bxd6 Qxd6 26.Qc3 Ne7 27.Ne3 Kg7 28.b4 Qc7 29.b5 Kg6
30.Nf1 f5 31.g3 g4 32.hxg4 hxg4 33.Bg2 Ng8 34.bxc6 bxc6 35.c5 Nf6 36.Ne3 Nd5
37.Bxd5 exd5 38.Ng2 Re4 39.Qd2 Rde8 40.Nh4+ Kf6 41.Qh6+ Ke7 42.Nxf5+ Kd7
43.Rxe4 Rxe4 44.Qg7 Ke6 45.Nd6 {#r} 1-0

[Event "Dutch League 2016-17"]
[Site "Netherlands NED"]
[Date "2017.05.06"]
[Round "9.9"]
[White "Dek,L"]
[Black "Van Hamond,Fons"]
[Result "1-0"]
[WhiteElo "2266"]
[BlackElo "2053"]
[EventType "team-tourn"]

1.e4 c5 2.Nf3 d6 3.d4 cxd4 4.Nxd4 Nf6 5.Nc3 g6 6.Be3 Bg7 7.f3 Nc6 8.g4 O-O
9.Qd2 Be6 10.O-O-O Rc8 11.h4 Qa5 12.a3 a6 13.h5 Nxd4 14.Bxd4 b5 15.h6 Bh8
16.g5 b4 17.gxf6 bxc3 18.Bxc3 Rxc3 19.Qxc3 Qxc3 20.bxc3 Bxf6 21.Kd2 a5 22.Rb1
Bg5+ 23.Kd1 f5 24.Rb5 a4 25.exf5 Bxf5 26.Bc4+ e6 27.Rxf5 gxf5 28.Rg1 Rf6
29.Rxg5+ Kf8 30.Rh5 Rg6 31.Bb5 Rg3 32.Ke2 Rg2+ 33.Kd3 Rf2 34.Rh3 Rf1 35.Bxa4
Ra1 36.Bb3 {#r} 1-0

[Event "Dutch League 2016-17"]
[Site "Netherlands NED"]
[Date "2017.05.06"]
[Round "9.10"]
[White "Balje,J"]
[Black "Van der Lende,I"]
[Result "1-0"]
[WhiteElo "2230"]
[BlackElo "2347"]
[EventType "team-tourn"]

1.d4 d5 2.c4 c6 3.Nf3 e6 4.Nc3 dxc4 5.e3 b5 6.a4 Bb4 7.Bd2 a5 8.axb5 Bxc3
9.Bxc3 cxb5 10.b3 Bb7 11.bxc4 b4 12.Bb2 Nf6 13.c5 O-O 14.Bb5 Qc7 15.O-O Rd8
16.Ba4 Nc6 17.Qc2 Ne7 18.Ne5 Nf5 19.c6 Ba6 20.Rfd1 Nd6 21.f3 Nd5 22.Re1 Nb6
23.Rac1 f6 24.Nd7 Rxd7 25.cxd7 Qxc2 26.Bxc2 a4 27.Bxa4 Nxa4 28.Rc6 Nf7 29.Rec1
Rd8 30.Rxa6 Nxb2 31.Rc8 b3 32.Rxe6 {#r} 1-0

[Event "Dutch League 2016-17"]
[Site "Netherlands NED"]
[Date "2017.05.06"]
[Round "9.2"]
[White "Lahaye,R"]
[Black "Nikolic,Pr"]
[Result "1-0"]
[WhiteElo "2363"]
[BlackElo "2622"]
[EventType "team-tourn"]

1.d4 Nf6 2.Nf3 e6 3.g3 b5 4.Bg2 Bb7 5.O-O c5 6.Na3 Qb6 7.c4 b4 8.Nc2 d6 9.a3
a5 10.axb4 axb4 11.Rxa8 Bxa8 12.d5 exd5 13.Nh4 g6 14.Ne3 Bg7 15.cxd5 O-O
16.Nc4 Qa6 17.b3 Ne8 18.Bg5 f6 19.Bc1 Bb7 20.e4 Bc8 21.Re1 Nd7 22.Bf1 Qa7
23.f4 Nb6 24.Bb2 Nxc4 25.Bxc4 Qb6 26.Qe2 Kh8 27.f5 g5 28.Nf3 Bd7 29.g4 Kg8
30.Kg2 Nc7 31.e5 fxe5 32.Nxg5 Bb5 33.Qd3 Bxc4 34.bxc4 Bh6 35.Ne4 Bf4 36.Ra1
Ne8 37.h4 Qb7 38.Kh3 h5 39.Rg1 Qd7 40.Qf3 Kh8 41.Qxf4 {#r} 1-0

[Event "Dutch League 2016-17"]
[Site "Netherlands NED"]
[Date "2017.05.06"]
[Round "9.3"]
[White "Pijpers,A"]
[Black "Meng,R"]
[Result "0-1"]
[WhiteElo "2480"]
[BlackElo "2371"]
[EventType "team-tourn"]

1.e4 c5 2.Nf3 e6 3.d4 cxd4 4.Nxd4 a6 5.Nc3 Qc7 6.Bd3 Nf6 7.O-O Nc6 8.Nxc6 dxc6
9.f4 e5 10.Kh1 Bd6 11.f5 Be7 12.a4 b6 13.Bc4 Bb7 14.Qe2 h6 15.Bb3 O-O 16.g4 b5
17.g5 hxg5 18.Bxg5 b4 19.Nd1 Nxe4 20.Qxe4 Bxg5 21.f6 c5 22.Bd5 Bxd5 23.Qxd5 g6
24.Qg2 Bf4 25.Nf2 Rad8 26.Ne4 Qc6 27.Rae1 Rd4 28.Re2 Rfd8 29.Rfe1 c4 30.c3
bxc3 31.bxc3 Rd1 32.a5 R8d3 33.Qf1 Qd5 34.Kg2 Rxe1 35.Qxe1 Qxa5 36.Rb2 Rd8
37.h4 Qd5 38.h5 gxh5 39.Qe2 Qd3 40.Qe1 Kh7 {#R} 0-1

[Event "Dutch League 2016-17"]
[Site "Netherlands NED"]
[Date "2017.05.06"]
[Round "9.4"]
[White "De Wit,M"]
[Black "Sprenger,J"]
[Result "0-1"]
[WhiteElo "2205"]
[BlackElo "2514"]
[EventType "team-tourn"]

1.e4 c5 2.c3 d5 3.exd5 Qxd5 4.Nf3 Nc6 5.Na3 Bg4 6.Be2 e5 7.d3 Nf6 8.O-O Be7
9.Nc4 O-O 10.Ne3 Qd7 11.Nxg4 Nxg4 12.Qa4 Rad8 13.Re1 Rfe8 14.a3 c4 15.Qxc4 Na5
16.Qa2 Bc5 17.Be3 Nxe3 18.b4 Nd5 19.bxc5 Nxc3 20.Qb2 Nxe2+ 21.Rxe2 Qxd3
22.Rxe5 Qd1+ 23.Re1 Rxe1+ 24.Nxe1 Qd5 {#R} 0-1

[Event "Dutch League 2016-17"]
[Site "Netherlands NED"]
[Date "2017.05.06"]
[Round "9.5"]
[White "Schoppen,Casper"]
[Black "Van den Doel,E"]
[Result "0-1"]
[WhiteElo "2297"]
[BlackElo "2577"]
[EventType "team-tourn"]

1.e4 e5 2.Nf3 Nc6 3.Bb5 a6 4.Ba4 Nf6 5.O-O Be7 6.d3 d6 7.c3 O-O 8.Nbd2 Re8
9.Re1 Bf8 10.Nf1 b5 11.Bc2 Bb7 12.Ng3 Nb8 13.d4 Nbd7 14.a4 c5 15.d5 c4 16.Nf5
Nc5 17.h3 Bc8 18.g4 Bxf5 19.exf5 h6 20.Be3 e4 21.Bxc5 dxc5 22.Nd2 e3 23.Rxe3
Rxe3 24.fxe3 Qxd5 25.Ne4 Qe5 26.Nxf6+ gxf6 27.axb5 Qg3+ 28.Kf1 Re8 29.bxa6
Rxe3 30.a7 Qxh3+ 31.Kf2 Qg3+ 32.Kf1 Qf4+ 33.Kg1 Rg3+ 34.Kh1 Rh3+ 35.Kg1 Qg3+
36.Kf1 Rh1+ {#R} 0-1

[Event "Dutch League 2016-17"]
[Site "Netherlands NED"]
[Date "2017.05.06"]
[Round "9.6"]
[White "Kouwenhoven,Arjen"]
[Black "Jens,J"]
[Result "0-1"]
[WhiteElo "2028"]
[BlackElo "2386"]
[EventType "team-tourn"]

1.e4 e5 2.Nf3 Nc6 3.Bb5 a6 4.Ba4 Nf6 5.O-O Be7 6.d3 d6 7.c3 O-O 8.Re1 Re8
9.Nbd2 Bf8 10.Nf1 h6 11.Ng3 b5 12.Bb3 Na5 13.Bc2 c5 14.a4 Bd7 15.axb5 axb5
16.h3 Nc6 17.Bd2 Qb6 18.Rxa8 Rxa8 19.Nh4 Ra2 20.Bc1 b4 21.Bb3 Ra1 22.Nh5 Be7
23.Nxf6+ Bxf6 24.Qh5 Be8 25.Bd5 bxc3 26.bxc3 Ne7 27.Kh2 Nxd5 28.exd5 Qb3
29.Nf5 Qxd5 30.Qe2 Ra2 31.Bd2 Bc6 32.Ne3 Qe6 33.Qd1 Ba4 34.Qc1 Bg5 35.Nc4 Rc2
36.Qa1 Bxd2 37.Qxa4 Bf4+ 38.Kg1 Rxc3 39.Qa8+ Kh7 40.Qe4+ g6 41.g3 d5 42.Qe2
dxc4 43.gxf4 cxd3 44.Qd2 Qc4 45.fxe5 Rc2 46.Qe3 Qd5 47.Qf4 Re2 {#R} 0-1

[Event "Dutch League 2016-17"]
[Site "Netherlands NED"]
[Date "2017.05.06"]
[Round "9.1"]
[White "Kevlishvili,Robby"]
[Black "Bosboom,M"]
[Result "1-0"]
[WhiteElo "2402"]
[BlackElo "2393"]
[EventType "team-tourn"]

1.e4 g6 2.d4 Bg7 3.Nc3 c6 4.f4 d5 5.e5 Nh6 6.Nf3 a5 7.Be3 a4 8.a3 Nf5 9.Bf2 h5
10.Bd3 Qa5 11.Qd2 Na6 12.h3 e6 13.Rg1 h4 14.Bxf5 gxf5 15.Bxh4 Rxh4 16.Nxh4 c5
17.Ne4 Qc7 18.Nd6+ Kd7 19.g4 fxg4 20.Rxg4 Bf8 21.Nxf7 cxd4 22.Nd6 Nc5 23.Qxd4
Qa5+ 24.Qb4 Bxd6 25.Qxa5 Rxa5 26.exd6 Kxd6 27.O-O-O Bd7 28.Nf3 Be8 29.Rg5 b5
30.Nd4 Ra7 31.f5 e5 32.Nxb5+ {#r} 1-0

[Event "Dutch League 2016-17"]
[Site "Netherlands NED"]
[Date "2017.05.06"]
[Round "9.2"]
[White "Vedder,H"]
[Black "Ftacnik,L"]
[Result "0-1"]
[WhiteElo "2374"]
[BlackElo "2548"]
[EventType "team-tourn"]

1.e4 c5 2.Nf3 d6 3.Nc3 a6 4.g3 Nc6 5.Bg2 g6 6.d4 cxd4 7.Nxd4 Bg7 8.Nde2 Nf6
9.O-O O-O 10.b3 Nd7 11.Bb2 b5 12.Qd2 Bb7 13.Nd1 Nf6 14.Nf4 Rc8 15.Nd3 Ne5
16.Qe2 Qc7 17.Rc1 Ned7 18.c4 Qb6 19.cxb5 Rxc1 20.Bxc1 axb5 21.Nc3 b4 22.Na4
Qb5 23.Qe3 Rc8 24.h3 d5 25.Qd4 Nxe4 26.Qxb4 Ba6 27.Bxe4 dxe4 {#R} 0-1

[Event "Dutch League 2016-17"]
[Site "Netherlands NED"]
[Date "2017.05.06"]
[Round "9.3"]
[White "Reinderman,D"]
[Black "Peng Zhaoqin"]
[Result "0-1"]
[WhiteElo "2571"]
[BlackElo "2368"]
[EventType "team-tourn"]

1.c4 e5 2.Nc3 Nc6 3.Nf3 f5 4.g3 Nf6 5.d4 e4 6.Nh4 d6 7.Bh3 g6 8.O-O Bg7 9.Bg5
O-O 10.Qd2 Qe8 11.f3 e3 12.Qc1 Nxd4 13.Rd1 Nh5 14.Rd3 f4 15.Bxc8 Rxc8 16.Bxf4
Rxf4 17.gxf4 Nxf4 18.Rxd4 Bxd4 19.Ng2 Nh3+ 20.Kh1 Nf2+ 21.Kg1 Nh3+ 22.Kh1 Qe5
23.Qc2 Nf2+ 24.Kg1 Nh3+ 25.Kh1 Bxc3 26.bxc3 c6 27.c5 d5 28.Rb1 Rc7 29.Rb4 a5
30.Ra4 g5 31.Rxa5 g4 32.Ra8+ Kg7 33.Qc1 Re7 34.Qe1 Nf2+ 35.Kg1 Nh3+ 36.Kh1
Nf2+ 37.Kg1 Re6 38.Ra7 Nh3+ 39.Kh1 Nf2+ 40.Kg1 Rh6 41.f4 Rxh2 42.Rxb7+ Kf8
43.Rb8+ Ke7 {#R} 0-1

[Event "Dutch League 2016-17"]
[Site "Netherlands NED"]
[Date "2017.05.06"]
[Round "9.6"]
[White "Van den Hoogen,Arie"]
[Black "Carlier,B"]
[Result "0-1"]
[WhiteElo "1986"]
[BlackElo "2404"]
[EventType "team-tourn"]

1.e4 d6 2.d4 Nf6 3.Nc3 e5 4.dxe5 dxe5 5.Qxd8+ Kxd8 6.Bc4 Ke8 7.Nge2 Bd6 8.Be3
a6 9.f3 b5 10.Bb3 Bb7 11.Rd1 Nbd7 12.Nd5 Rc8 13.c4 Nxd5 14.cxd5 Ke7 15.Rc1 g6
16.O-O h6 17.Ng3 Rcf8 18.Bc2 Kd8 19.a3 h5 20.Bb1 h4 21.Ne2 f5 22.b4 Rf7 23.Nc3
f4 24.Bf2 h3 25.Nd1 hxg2 26.Kxg2 Nf6 27.Nb2 Bc8 28.Rh1 Bh3+ 29.Kg1 Rh5 30.Bc5
Rg5+ 31.Kf2 Rg2+ 32.Ke1 Rxb2 {#R} 0-1